01018nmc a2200337 a 4500003000900000005001700009008004100026040001300067100002000080245007800100250001200178260003000190300002400220490003300244504004600277650002200323650001500345650002300360650002100383650002300404650002700427650002500454650001700479650001500496650002700511650002600538650002500564700002400589700003300613800003400646AR-BaBNM20251128203430.0017019s1965 ||||||||||||||000 | spa|| cAR-BaBNM1 aWolff, Philippe10aHistoria general del trabajobla época del artesano : siglos V-XVIII. 2 a1ª ed. aBarcelonabGrijalboc19650 a464 p.bil.,láms. 0aHistoria general del trabajo aBibliografía para consultar p. 455-460. 4aHISTORIA MEDIEVAL 4aEDAD MEDIA 4aHISTORIA BIZANTINA 4aHISTORIA EUROPEA 4aHISTORIA ECONOMICA 4aCONDICIONES DE TRABAJO 4aECONOMIA DEL TRABAJO 4aTRABAJADORES 4aCLASE BAJA 4aTRABAJADORES AGRICOLAS 4aTRABAJADORES MANUALES 4aHISTORIA DEL TRABAJO1 aMauro, Frédéric1 aRomero, Joaquínetraductor1 aParias, Louis-Henriedirector